|
|
|
|
| LEADER |
00000nab a2200000 a 4500 |
| 001 |
vtls009520925 |
| 003 |
SK-MaSNL |
| 005 |
20260304175002.0 |
| 008 |
250506c2009 xo |r|p|||||||000 b|slo |
| 015 |
|
|
|a SNBRB2009/06
|2 snkbucl
|
| 035 |
|
|
|a (uuid)0595ef01-19e4-4c9c-b99a-aa9b39f4aded
|
| 035 |
|
|
|a urn:nbn:sk:snk-abc4uc
|
| 035 |
|
|
|a (urnnbn)urn:nbn:sk:snk:ar-004ftf
|
| 038 |
|
|
|a SNKBUCL
|
| 040 |
|
|
|a SNKBUCL
|b slo
|c SNKBUCL
|e AACR2
|
| 041 |
0 |
|
|a slo
|
| 044 |
|
|
|a xo
|c SK
|
| 080 |
|
|
|a 82:929:821.162.4
|2 2001
|
| 080 |
|
|
|a 821.162.4:929
|2 2001
|
| 080 |
|
|
|a 929 Hollá-Terenová, Danica
|2 2001
|
| 080 |
|
|
|a 81`255.4-051
|2 2001
|
| 245 |
0 |
0 |
|a Danica Hollá
|
| 300 |
|
|
|b Fotogr.
|
| 600 |
1 |
7 |
|a Hollá-Terenová, Danica,
|d 1954-
|2 snkbucl
|9 113258
|
| 773 |
0 |
|
|t Revue svetovej literatúry
|g Roč. XLV, č. 1 (2009), s. 110
|x 0231-6269
|
| 850 |
|
|
|a Slovenská národná knižnica
|
| 852 |
|
|
|a Slovenská národná knižnica
|
| 958 |
|
|
|a article15
|
| 958 |
|
|
|a OND
|
| 958 |
|
|
|a LX
|
| 958 |
|
|
|a SK
|
| 958 |
|
|
|a BX
|
| 958 |
|
|
|a EUIPO
|
| 999 |
|
|
|c 3011413
|d 3013343
|